美国50个州测验 - Statistics

General Stats
  • This quiz has been taken 9 161 times
  • The average score is 26 of 50
Answers on the Map
Answers color-coded by a green-red scale on the quiz's map according to % correct below.
 
Answer Stats
% Correct
加利福尼亚
94%
德克萨斯
92%
阿拉斯加
91%
纽约
91%
华盛顿
90%
佛罗里达
88%
夏威夷
86%
新墨西哥
68%
北卡罗来纳
65%
密西西比
64%
南卡罗来纳
63%
缅因
62%
内华达
61%
密歇根
60%
俄亥俄
58%
罗德岛
55%
犹他
54%
弗吉尼亚
53%
田纳西
52%
明尼苏达
50%
蒙大拿
49%
新泽西
49%
俄勒冈
49%
南达科他
49%
亚利桑那
48%
北达科他
48%
宾夕法尼亚
48%
科罗拉多
47%
马萨诸塞
47%
威斯康星
47%
伊利诺伊
45%
佐治亚
44%
路易斯安那
44%
西弗吉尼亚
44%
亚拉巴马
43%
肯塔基
43%
马里兰
42%
艾奥瓦
41%
密苏里
41%
印第安纳
40%
堪萨斯
39%
怀俄明
38%
阿肯色
35%
爱达荷
34%
内布拉斯加
30%
俄克拉何马
29%
特拉华
28%
康涅狄格
27%
新罕布什尔
27%
佛蒙特
25%
No matching quizzes found
Score Distribution
Percent of People with Each Score
Percentile by Number Answered
Your Score History
You have not taken this quiz